Technika a technológia učebnica pre ôsmy ročník základnej školy

Bibliographic Details
Main Authors: Stamenović, Nenad, 1978- (Author, Photographer, Illustrator), Vučićević, Aleksa, 1978- (Author)
Other Authors: Bulatović, Milan, 1987- (Photographer, Illustrator), Poliaková, Darina (Translator)
Format: Book
Language:Slovak
Serbian
PhysicalDescription:193 strán ilustrácie 29 cm
Published: Belehrad Klett 2021
ISBN:9788653307233
Edition:Prvé vydanie
Subjects:

MARC

LEADER 00000nam a2200000 4500
001 vtls012130145
003 SK-MaSNL
005 20260301055404.0
008 220406s2021 rb a crnp 000 0 slo
020 |a 9788653307233  |q (brožované) 
040 |a SNK  |b slo  |c SNK  |e rda 
041 1 |a slo  |h srp 
044 |a rb  |c RS 
072 7 |a 37.016  |x Učebné osnovy. Vyučovacie predmety. Učebnice  |2 konspekt 
080 |a 62  |2 2011 
080 |a 001.126-029:6  |2 2011 
080 |a (075.2)  |2 2011 
100 1 |a Stamenović, Nenad,  |d 1978-  |4 aut  |4 pht  |4 ill  |9 368913 
240 1 0 |a Technika i technologija 8  |l Slovensky 
245 1 0 |a Technika a technológia  |b učebnica pre ôsmy ročník základnej školy  |c Nenad Stamenović, Aleksa Vučićević ; Fotografie a ilustrácie: Milan Bulatović, Nenad Stamenović ; Preklad: Darina Poliaková 
250 |a Prvé vydanie 
264 1 |a Belehrad  |b Klett  |c 2021 
300 |a 193 strán  |b ilustrácie  |c 29 cm 
336 |a text  |b txt  |2 rdacontent 
337 |a bez média  |b n  |2 rdamedia 
338 |a zväzok  |b nc  |2 rdacarrier 
500 |a Obsahuje slovník 
500 |a Preložené zo srbčiny 
504 |a Bibliografia na strane 193 
521 2 |a Pre 8. ročník základnej školy 
650 0 7 |a technika  |2 SNKPH  |9 671 
650 0 7 |a technológia  |2 SNKPH  |9 66619 
650 0 7 |a Technic  |2 SNKPHeng  |9 267208 
650 0 7 |a Technology  |2 SNKPHeng  |9 266383 
655 7 |a učebnice základných škôl  |2 SNKPH  |9 70187 
655 7 |a Textbooks (elementary)  |2 SNKPHeng  |9 276977 
700 1 |a Vučićević, Aleksa,  |d 1978-  |4 aut  |9 368914 
700 1 |a Bulatović, Milan,  |d 1987-  |4 pht  |4 ill  |9 216109 
700 1 |a Poliaková, Darina  |4 trl  |9 368915 
919 |a 978-86-533-0723-3 
954 |a odborná, vedecká literatúra cudzojazyčná (svetová)  |2 lita 
958 |a ZS 
958 |a NB 
958 |a OP 
958 |a RS 
999 |c 613263  |d 615193 
952 |a SNK  |b SNK  |y PREZ  |7 0  |p 17A1483293  |o snkSB 98189  |i snk2022/9675  |8 2  |g 12.99  |0 0  |1 0  |4 0  |d 2022-04-06  |f 1  |l 0  |r 2026-02-23 16:29:49  |w 2026-02-23